000 00383nam a22001697a 4500
005 20160618153000.0
008 160618b xxu||||| |||| 00| 0 eng d
020 _a978-81-7992-425-4
041 _aeng
082 _b8198
100 _aPooler, Jim
_92250
245 _aRetail Strategics
260 _bJaico Books
_c2008
300 _a202
650 _aManagement
_9241
942 _cBK
999 _c3151
_d3150